| 000 | 01137nam a2200289 a 4500 | ||
|---|---|---|---|
| 001 | 000011685 | ||
| 005 | 20200929162528.0 | ||
| 008 | 091023s1968 mx a 000 0 spa d | ||
| 040 |
_aDO-SdBNP _bspa _cBNPHU |
||
| 041 | 1 | 7 |
_aspa _hfre _2Código de idioma MARC |
| 082 |
_a923.1 _bD476m, 1968 |
||
| 100 | 1 |
_aDesternes, Suzanne _927692 |
|
| 240 | 1 | 0 |
_amaximilien et charlotte _lespañol |
| 245 | 1 | 0 |
_aMaximiliano y carlota / _cSuzanne Desternes, Henriette Chandet ; traducción, Adolfo A. de Alba. |
| 250 | _a2a ed. | ||
| 260 |
_aMéxico : _bDiana, _c1968. |
||
| 300 |
_a461 p. : _bil. ; _c22 cm. |
||
| 500 | _aIncluye notas al pie de las páginas | ||
| 504 | _aBibliografía: p. 457-461 | ||
| 534 |
_pTítulo original en francés: _tmaximilien et charlotte _cParís : Libraire Academique Perrin, 1964. |
||
| 600 | 1 | 4 |
_aMAXIMILIANO, _xEMPERADOR DE MEXICO, _y1832-1867 _xBIOGRAFÍAS _927693 |
| 600 | 1 | 4 |
_aCARLOTA, _xEMPERATRIZ, _xCONSORTE DE MAXIMILIANO, _xEMPERADOR DE MÉXICO _xBIOGRAFÍAS _927694 |
| 700 | 1 |
_aChandet, Henriette, _927695 |
|
| 700 | 1 |
_aAlba, Adolfo A. de, _etr. _927696 |
|
| 910 | _aCatalogación Original | ||
| 049 | _aBNGR | ||
| 999 |
_c11370 _d11370 |
||